With Peary near the Pole

Saved in:
Bibliografiske detaljer
Hovedforfatter: Astrup, Eivind (Author)
Format: Bog
Sprog:engelsk
Udgivet: Londres C. Arthur Pearson 1898
Udgivelse:1a. ed
Fag:
Tags: Tilføj Tag
Ingen Tags, Vær først til at tagge denne postø!

MARC

LEADER 00000nam a2200000 a 4500
001 UCJ3624
003 CL-VaPUC
008 070124e18980000UK |||||||||||||||||eng|d
082 0 4 |a 910.4  |b AST  |2 21 
100 0 |a Astrup, Eivind  |e author  |9 505669 
245 1 5 |a With Peary near the Pole 
250 |a 1a. ed 
300 |a 362 p 
942 |c BK 
945 |d 20070124 00:00:00  |a rinostro 
260 |a Londres  |b C. Arthur Pearson  |c 1898 
500 |a Fotografía del autor; mapa de Groenlandia y numerosas fotografías de la expedición 
650 0 |a Viajes  |9 257115 
650 0 |a Expediciones científicas  |9 265222 
650 7 |a ESQUIMALES  |2 CL-VaPUC  |9 441373 
650 0 |a Cultura  |9 269059 
650 0 |a Antropología   |9 233030 
650 0 |a Creencias  |9 313510 
650 7 |a PERROS ESQUIMALES  |2 CL-VaPUC  |9 505670 
650 0 |a Fauna marina  |9 261231 
650 7 |a METEOROLOGIA  |2 CL-VaPUC  |9 260030 
650 0 |a Aurora boreal  |9 505671 
650 0 |a Iconografía   |9 267998 
651 7 |a REGION ARTICA  |2 CL-VaPUC  |9 366377 
651 7 |a POLO NORTE  |2 CL-VaPUC  |9 310897 
651 7 |a GROENLANDIA  |2 CL-VaPUC  |9 393402 
583 |a last modification  |c 20070124 00:00:00  |k Rodrigo Vera 
999 |c 319746  |d 319744 
952 |0 0  |1 0  |4 0  |6 910_400000000000000_AST_1898  |7 0  |8 X  |9 398116  |a FDOBUD  |b FDOBUD  |d 2019-11-22  |i 1006258  |o 910.4 AST 1898  |p 1006258  |r 2019-11-22  |w 2019-11-22  |y BK_X  |k BUD